| 000 | 00751nas a2200229 4500 | ||
|---|---|---|---|
| 001 | BR0801312 | ||
| 003 | BR-BrBNA | ||
| 005 | 20231205111645.0 | ||
| 007 | ta | ||
| 008 | 230509b bl.|||p| |||| 00| 00por d | ||
| 040 |
_aBR-BrBNA _bpor _cBiblioteca Nacional de Agricultura |
||
| 041 | _a(En) | ||
| 072 | _aL72; L60 | ||
| 100 | 1 | _aThatcher, V.E. | |
| 245 | 1 | _aAnphira guianensis sp.nov. (Isopoda, Cymothoidae)from the gills of Acnodon oligacanthus Eigenmann (Pisces, Serrasalmidae)of French Guiana | |
| 650 | _aPARASITO | ||
| 650 | _aPEIXE | ||
| 650 | _aPIRANHA | ||
| 773 | 0 |
_tRevista Brasileira de Zoologia (Brazil) _xISSN 0101-8175 _g(Dec 2002), v.19(2) p.53-59 _wBR0801312 |
|
| 909 |
_a202311 _bLúcia _c55 _dLúcia Elande |
||
| 942 |
_2AGRIS _n0 _cANA |
||
| 999 |
_c193791 _d193791 |
||